al-Bayān wa-al-iʻrāb ʻammā bi-arḍ Miṣr min al-Aʻrāb /
محفوظ في:
المؤلف الرئيسي:
التنسيق: كتاب
اللغة: Arabic
منشور في:
al-Azhar :
al-Maṭbaʻah al-Maḥmūdīyah al-Tijārīyah,
1356 [1937].
الموضوعات:
الوسوم: إضافة وسم
لا توجد وسوم, كن أول من يضع وسما على هذه التسجيلة!
رقم الطلب: DT72 .A7 M3 1916
| LEADER | 01408nam a2200277Ia 4500 | ||
|---|---|---|---|
| 003 | OSt | ||
| 005 | 20240304082149.0 | ||
| 008 | 130303s1937 ua 000 0 ara d | ||
| 952 | |0 0 |1 0 |2 lcc |4 0 |6 DT0072 A7 M3 01916 |7 1 |9 47432 |a ARCE |b ARCE |d 2023-05-21 |l 0 |o DT72 .A7 M3 1916 |p 1021108 |r 2023-05-21 00:00:00 |w 2023-05-21 |y BK | ||
| 999 | |c 28789 |d 28789 | ||
| 040 | |c ARCE Library | ||
| 043 | |a f-ua--- | ||
| 050 | 4 | |a DT72 .A7 M3 1916 | |
| 100 | 1 | |6 880-01 |a Maqrīzī, Aḥmad ibn ʻAlī, |d 1364-1442, |e author | |
| 245 | 1 | 3 | |6 880-02 |a al-Bayān wa-al-iʻrāb ʻammā bi-arḍ Miṣr min al-Aʻrāb / |c taʼlīf Aḥmad ibn ʻAlī ibn ʻabd al-Qādir ibn Muḥammad al-Maqrīzī. |
| 264 | 1 | |a al-Azhar : |b al-Maṭbaʻah al-Maḥmūdīyah al-Tijārīyah, |c 1356 [1937]. | |
| 300 | |a 55 pages ; |c 23 cm. | ||
| 336 | |2 rdacontent |a text |b txt | ||
| 337 | |2 rdamedia |a unmediated |b n | ||
| 338 | |2 rdacarrier |a volume |b n | ||
| 650 | 0 | |a Arabs |z Egypt |x History. | |
| 650 | 0 | |a Ethnology |z Egypt. | |
| 880 | 1 | |6 100-01/(3/r |a مقريزي, أحمد بن علي، |d 1364-1442. | |
| 880 | 1 | 2 | |6 245-02/(3/r |a البيان و الإعراب عما بأرض مصر من الأعراب |c تأليف احمد بن علي بن عبد القادر بن محمد المقريزي |
| 901 | |a reviewed | ||
| 942 | |c BK |2 lcc | ||
